MARC details
| 000 -CABECERA |
| campo de control de longitud fija |
00940nam a2200241 a 4500 |
| 003 - IDENTIFICADOR DEL NÚMERO DE CONTROL |
| campo de control |
MX-MxUPN |
| 005 - FECHA Y HORA DE LA ÚLTIMA TRANSACCIÓN |
| campo de control |
20250109081448.0 |
| 008 - ELEMENTOS DE LONGITUD FIJA--INFORMACIÓN GENERAL |
| campo de control de longitud fija |
991125s1928 fr r 000 0 fre d |
| 035 ## - NÚMERO DE CONTROL DEL SISTEMA |
| Número de control de sistema |
UPN01000019509 |
| 040 ## - FUENTE DE LA CATALOGACIÓN |
| Centro catalogador/agencia de origen |
MX-MxUPN |
| Lengua de catalogación |
spa |
| Centro/agencia transcriptor |
MX-MxUPN |
| 041 0# - CÓDIGO DE IDIOMA |
| Código de lengua del texto/banda sonora o título independiente |
spa |
| 050 14 - SIGNATURA TOPOGRÁFICA DE LA BIBLIOTECA DEL CONGRESO |
| Número de clasificación |
HV721 |
| Número de documento/Ítem |
W4.3 |
| 100 1# - ASIENTO PRINCIPAL--NOMBRE PERSONAL |
| Nombre de persona |
Wets, Paul |
| 9 (RLIN) |
51717 |
| 245 12 - MENCIÓN DE TÍTULO |
| Título |
L'enfant de justice : |
| Resto del título |
quinze années d'application de la loi sur la protection de l'enfance |
| 260 ## - PUBLICACIÓN, DISTRIBUCIÓN, ETC. |
| Lugar de publicación, distribución, etc. |
Bruxelles : |
| Nombre del editor, distribuidor, etc. |
Association Internationale pour la Protection de l'Enfance, |
| Fecha de publicación, distribución, etc. |
1928. |
| 300 ## - DESCRIPCIÓN FÍSICA |
| Extensión |
xi, 508 páginas : |
| Otras características físicas |
ilustraciones |
| 650 #4 - ASIENTO SECUNDARIO DE MATERIA - TERMINO TEMATICO |
| Término de materia o nombre geográfico como elemento de entrada |
Disciplina de niños |
| 9 (RLIN) |
14102 |
| 650 #4 - ASIENTO SECUNDARIO DE MATERIA - TERMINO TEMATICO |
| Término de materia o nombre geográfico como elemento de entrada |
Niños |
| Subdivisión general |
Beneficencia, protección, etc. |
| 9 (RLIN) |
25 |
| 700 1# - ASIENTO SECUNDARIO--NOMBRE DE PERSONAL |
| Nombre de persona |
Carton de Wiart, Henry, |
| Títulos y otros términos asociados al nombre |
Comte, |
| Fechas asociadas al nombre |
1869-1951 |
| 9 (RLIN) |
51718 |
| Término indicativo de función/relación |
prefacio |
| 700 1# - ASIENTO SECUNDARIO--NOMBRE DE PERSONAL |
| Nombre de persona |
Luna de Ibarra, Luz |
| 9 (RLIN) |
51389 |
| Término indicativo de función/relación |
propietaria anterior |
| 710 2# - ASIENTO SECUNDARIO - NOMBRE CORPORATIVO |
| Nombre de entidad corporativa o nombre de jurisdicción como elemento de entrada |
Instituto Nacional de Investigación Educativa (México) |
| Término indicativo de función/relación |
propietario anterior |
| 9 (RLIN) |
28086 |
| 942 ## - ELEMENTOS DE PUNTO DE ACCESO ADICIONAL (KOHA) |
| Fuente del sistema de clasificación o colocación |
Library of Congress Classification |
| Tipo de ítem Koha |
Libro |